Vessels assigned to naval districts, status of.

Bibliographic Details
Corporate Author: United States. Navy Department. Bureau of Navigation
Format: Government Document eBook
Language:English
Published: Washington : [publisher not identified], 1924.
Series:Navigation Bur. Circ. Letter No. 1924/43
Subjects:
Online Access:Connect to the full text of this electronic document

MARC

Tag First Indicator Second Indicator Subfields
LEADER 00000cam a22000001a 4500
001 in00003759921
005 20190408185715.0
006 m o d f
007 cr bn mmmapmmp
008 040322s1924 dcu o f000 0 eng d
035 |a ebd1910603440 
040 |a UMI  |c UMI  |d UtOrBLW 
086 0 |a N 17.20:924/43 
099 |a N17.20-8.43 
245 0 0 |a Vessels assigned to naval districts, status of. 
264 1 |a Washington :  |b [publisher not identified],  |c 1924. 
300 |a 1 online resource (2 pages) 
336 |a text  |b txt  |2 rdacontent 
337 |a computer  |b c  |2 rdamedia 
338 |a online resource  |b cr  |2 rdacarrier 
490 0 |a Navigation Bur. Circ. Letter No. 1924/43 
500 |a [list of vessels and duty, by district]. 
500 |a Record is based on bibliographic data in ProQuest U.S. Executive Branch Documents, 1910-1932. Reuse except for individual research requires license from ProQuest, LLC. 
533 |a Electronic reproduction.  |b [Bethesda, Md.] :  |c ProQuest,  |d 2012.  |e digital, PDF file.  |n ProQuest U.S. Executive Branch Documents, 1910-1932.  |n Mode of access: World Wide Web via ProQuest website. 
538 |a System requirements: PDF reader software. 
500 |a Electronic resource. 
650 0 |a Special districts.  |0 http://id.loc.gov/authorities/subjects/sh85126373 
650 0 |a Warships.  |0 http://id.loc.gov/authorities/subjects/sh85145303 
655 7 |a Electronic books.  |2 local 
710 1 |a United States.  |b Navy Department.  |b Bureau of Navigation.  |0 http://id.loc.gov/authorities/names/n88016030 
776 1 8 |i Microfiche version:  |t Vessels assigned to naval districts, status of  |o CIS US Exec MF N17.20-8.43  |w (ProQuest)cis19162682 
856 4 0 |u http://proxy.library.tamu.edu/login?url=http://congressional.proquest.com/congressional/docview/t66.d71.n17.20-8.43  |z Connect to the full text of this electronic document  |t 0 
999 f f |s b01a997e-21be-3c47-af9a-71359c409470  |i 74f38a6b-29c2-30fd-b6fb-95a74fee6aeb  |t 0 
952 f f |a Texas A&M University  |b College Station  |c Electronic Resources  |d Available Online  |t 0  |h No information provided 
998 f f |t 0  |l Available Online